00454nam a2200133Ia 4500008004100000245005800041260002100099856004300120942000800163942000900171952008200180999001700262945004100279240731s9999 xx 000 0 und d 0aJournal of Microwave Power and Electromagnetic Energy bTaylor & Francis uhttps://www.tandfonline.com/loi/tpee20 2ddc cTFEJ 001040708TFEJaUCSCbDLcTFEJd2024-07-31l0r2024-07-31w2024-07-31yTFEJ c77963d77963 a1bMadushi Gamagec1dMadushi Gamage